|
|
|
|
| LEADER |
00000nlm0a2200000 4500 |
| 001 |
646335 |
| 005 |
20231215101608.0 |
| 029 |
1 |
0 |
|a RU
|b 2258966
|c Пат.
|d МПК G 21 F 9/00
|d МПК G 21 C 19/00
|
| 035 |
|
|
|a (RuTPU)RU\TPU\network\11471
|
| 035 |
|
|
|a RU\TPU\network\11470
|
| 039 |
0 |
|
|a RU
|b 2003131317/06
|c 20031024
|
| 090 |
|
|
|a 646335
|
| 100 |
|
|
|a 20160225j20050820k y0rusy50 ca
|
| 101 |
0 |
|
|a rus
|
| 102 |
|
|
|a RU
|
| 105 |
|
|
|a a k 000zy
|
| 135 |
|
|
|a drgn ---uucaa
|
| 181 |
|
0 |
|a i
|
| 182 |
|
0 |
|a b
|
| 200 |
1 |
|
|a Способ удаления облученного материала с плиты ядерного реактора
|f П. М. Гаврилов [и др.]
|g Сибирский химический комбинат (СХК)
|
| 203 |
|
|
|a Текст
|c электронный
|
| 300 |
|
|
|a опубл. 20.08.05
|
| 330 |
|
|
|a Изобретение относится к атомной энергетике и может быть использовано для локализации и ликвидации последствий аварийных инцидентов, вызванных отказами или нарушениями при перегрузке и транспортировке облученного ядерного топлива или других облученных материалов, например с наведенной радиоактивностью.
|
| 610 |
1 |
|
|a патенты
|
| 610 |
1 |
|
|a труды учёных ТПУ
|
| 610 |
1 |
|
|a электронный ресурс
|
| 610 |
1 |
|
|a изобретения
|
| 610 |
1 |
|
|a облученные материалы
|
| 610 |
1 |
|
|a ядерные реакторы
|
| 610 |
1 |
|
|a атомная техника
|
| 610 |
1 |
|
|a локализация
|
| 610 |
1 |
|
|a ликвидация
|
| 610 |
1 |
|
|a аварии
|
| 610 |
1 |
|
|a ядерное топливо
|
| 610 |
1 |
|
|a радиоактивность
|
| 701 |
|
1 |
|a Гаврилов
|b П. М.
|c специалист в области атомной энергетики
|c профессор Томского политехнического университета, доктор технических наук
|f 1960-
|g Петр Михайлович
|3 (RuTPU)RU\TPU\pers\27697
|9 12771
|
| 701 |
|
1 |
|a Галузо
|b Л. Б.
|
| 701 |
|
1 |
|a Изместьев
|b А. М.
|
| 701 |
|
1 |
|a Мещеряков
|b В. Н.
|
| 701 |
|
1 |
|a Романов
|b О. Н.
|
| 701 |
|
1 |
|a Шидловский
|b В. В.
|c генеральный директор ФГУП "Сибирский химический комбинат"
|f 1952-
|g Владимир Владиславович
|3 (RuTPU)RU\TPU\pers\12099
|
| 701 |
|
1 |
|a Цыганов
|b А. А.
|
| 701 |
|
1 |
|a Чуканов
|b В. Б.
|
| 712 |
0 |
2 |
|a Сибирский химический комбинат (СХК)
|c Федеральное государственное унитарное предприятие
|c (Северск)
|3 (RuTPU)RU\TPU\col\111
|
| 801 |
|
1 |
|a RU
|b 63413507
|c 20120201
|
| 801 |
|
2 |
|a RU
|b 63413507
|c 20160229
|g RCR
|
| 856 |
4 |
|
|u http://www.fips.ru/Archive/PAT/2005FULL/2005.08.20/DOC/RUNWC2/000/000/002/258/966/document.pdf
|
| 942 |
|
|
|c CF
|